|
|
|
|
| LEADER |
00000nab a2200000 a 4500 |
| 001 |
vtls000786080 |
| 003 |
SK-MaSNL |
| 005 |
20260303183359.0 |
| 008 |
180206c2002 xo 0 slo |
| 015 |
|
|
|a SNBRB2002/03-08476
|
| 035 |
|
|
|a CLN000137737
|
| 040 |
|
|
|a SNKBUCL
|b slo
|c SNKBUCL
|e AACR2
|
| 041 |
0 |
|
|a slo
|
| 044 |
|
|
|a xo
|c SK
|
| 080 |
|
|
|a 341.211
|2 UDC-MRF-SK2
|
| 080 |
|
|
|a 327.39(4):341.23
|2 UDC-MRF-SK2
|
| 080 |
|
|
|a 329.3:28(437.6)KDH
|2 UDC-MRF-SK2
|
| 100 |
1 |
|
|a Weiss, Peter,
|d 1952-
|4 aut
|9 103279
|
| 245 |
1 |
0 |
|a Prejav izolacionizmu a xenofóbie
|b nový nástup konzervatívneho fundamentalizmu na Slovensku
|c Peter Weiss
|
| 610 |
2 |
7 |
|a Kresťanskodemokratické hnutie (politická strana)
|2 snkbucl
|9 34649
|
| 630 |
0 |
7 |
|a Deklarácia o zvrchovanosti členských štátov Európskej únie a štátov kandidujúcich do únie v etických a kultúrnych otázkach
|2 snkbucl
|9 1212469
|
| 655 |
|
7 |
|a články z novín a časopisov
|2 snkbucl
|9 267496
|
| 773 |
0 |
|
|x 1335-468X
|t Slovo. Politicko-spoločenský týždenník
|g Roč. 4, č. 9 (2002), s. 6
|
| 850 |
|
|
|a Slovenská národná knižnica v Martine
|
| 852 |
|
|
|a SNK
|b KIS3GCP
|
| 958 |
|
|
|a RBX
|
| 999 |
|
|
|c 2120839
|d 2122769
|